000 01108nam a2200241 a 4500
008 101115s2009 ||||||||||||||||| || u
020 _a9780728205567
050 _aTH 4812 Mar
100 _aHeath, Roger
245 1 0 _aUnderstanding housing defects. -- 3rd ed.
_cDuncan Marshall, Derek Worthing and Roger Heath
250 _a3rd ed.
260 _aLondon
_bRoutledge
_c2009
300 _a345p.: ill.
350 _a64.95
650 _aDWELLINGS--DEFECTS
650 _aDWELLINGS--MAINTENANCE AND REPAIR
650 _aHOUSING
700 _aMarshall, Duncan
700 _aWorthing, Derek
995 _aMAIN LIBRARY OPEN ACCESS
_D0.00
_e742272
_FCBU-MAIN LIBRARY (Kitwe)
_H1
_I0.00
_jTH 4812 Mar
_M1
_UAVAILABLE
_WDec 9, 2010
_y742272
_ZMain Library Open Access Collection
995 _aMAIN LIBRARY OPEN ACCESS
_D0.00
_e742136
_FCBU-MAIN LIBRARY (Kitwe)
_H1
_I0.00
_jTH 4812 Mar
_M2
_UAVAILABLE
_WDec 17, 2010
_y742136
_ZMain Library Open Access Collection
995 _aMAIN LIBRARY OPEN ACCESS
_e746398
_FCBU-MAIN LIBRARY (Kitwe)
_I0.00
_jTH 4812 Mar
_M3
_UAVAILABLE
_WMay 26, 2016
_y746398
_ZMain Library Open Access Collection
999 _c78465
_d78465